Chiovenda: recuerdo de juristas.

সংরক্ষণ করুন:
গ্রন্থ-পঞ্জীর বিবরন
প্রধান লেখক: Calamandrei, Piero
বিন্যাস: গ্রন্থ
ভাষা:স্প্যানিশ
প্রকাশিত: Buenos Aires, Argentina Jurídicas Europa-América 1959
মালা:Breviarios de Derecho. 25
বিষয়গুলি:
ট্যাগগুলো: ট্যাগ যুক্ত করুন
কোনো ট্যাগ নেই, প্রথমজন হিসাবে ট্যাগ করুন!

MARC

LEADER 00000nam a2200000 a 4500
001 UCS0970
003 CL-VaPUC
005 20210831074616.0
008 970506e19590000AG |||||||||||||||||spa|d
999 |c 259085  |d 259083 
040 |c Pontificia Universidad Católica de Valparaíso 
082 0 4 |a 347.001 CAL 1959  |2 21 
100 0 |a Calamandrei, Piero  |9 384924 
245 1 0 |a Chiovenda: recuerdo de juristas. 
260 0 3 |a Buenos Aires, Argentina  |b Jurídicas Europa-América  |c 1959 
300 |a 279 páginas. 
490 0 |a Breviarios de Derecho.  |v 25 
583 |a last modification  |c 19970506 00:00:00  |k Rodrigo Vera 
600 0 7 |a CHIOVENDA, GIUSEPPE  |2 CL-VaPUC  |9 384925 
650 0 |a Teoría del derecho  |9 255982 
650 0 |a Abogados  |9 256284 
650 7 |a RESPONSABILIDAD DEL ABOGADO  |2 CL-VaPUC  |9 380688 
650 0 |a Derecho procesal civil  |9 258071 
650 0 |a Derecho civil  |9 255013 
650 0 |a Liberalismo  |9 255715 
942 |c BK  |2 ddc 
945 |d 19970506 00:00:00  |a cmena 
952 |0 0  |1 0  |2 ddc  |4 0  |6 347_001000000000000_CAL_1959  |7 0  |8 A  |9 283634  |a BIBDER  |b BIBDER  |d 2019-11-19  |i 1842161  |o 347.001 CAL 1959  |p 1842161  |r 2023-01-25  |t 1  |w 2019-11-19  |y BK  |k DER